| 000 | 00572nam a2200193 a 4500 | ||
|---|---|---|---|
| 001 | 2898 | ||
| 003 | CDMR | ||
| 005 | 20130313111948.0 | ||
| 008 | 130130s1990||||||||||||||||||||||||||||d | ||
| 020 | _a8429731075 | ||
| 040 |
_aCDMR _bcat _cCPC LLEIDA |
||
| 100 | 1 |
_aArnau, Carme _92131 |
|
| 245 | 1 | 0 |
_aMiralls màgics _b: aproximació a l'última narrativa de Mercè Rodoreda _cCarme Arnau |
| 260 |
_aBarcelona _c1990 _bEdicions 62 |
||
| 490 | 0 | _aCol·lecció Premis Josep Vallverdú | |
| 490 | 0 |
_aLlibres a l'abast _v254 |
|
| 600 | 1 |
_92110 _aRodoreda, Mercè |
|
| 942 |
_cMON _2udc |
||
| 999 |
_c2898 _d2898 |
||